| 000 | 00408nam a2200157Ia 4500 | ||
|---|---|---|---|
| 005 | 20250429095553.0 | ||
| 008 | 240331s9999 xx 000 0 und d | ||
| 020 | _a8170901804 | ||
| 082 |
_bMUT _a291 |
||
| 100 | _aMuttusamy Pillai,K.M | ||
| 245 | 0 | _aKoeit kalangiam arimugam | |
| 260 |
_aThanchavoor _bTamil Palkalaikalazham _c1991 |
||
| 300 | _a248 p ., ( b 3) | ||
| 500 | _aKovitr kalanchiyam | ||
| 942 | _cL | ||
| 999 |
_c3563 _d3563 |
||